• 首页
  • 本馆介绍
  • 公告通知
  • 最新文献
  • 馆藏检索
  • 电子资源
  • 读者导购
  • 参考咨询
  • 我的图书馆
  • 登录
  • 详细信息显示
  • 放入我的书架
  • 预约/预借图书
  • 作者相关作品
  • 分类相关作品
  • 丛书相关作品
  • 出版社相关作品

书目信息

  • 表格格式
  • 工作单格式
  • 卡片格式
题名:
论一元论历史观之发展
    
 
作者: 普列涨诺夫薯 ;博古 译
分册:  
出版信息: 北京   人民出版社  1953
页数: 418页
开本: 20cm
丛书名:
单 册:
中图分类: B512.5
科图分类:
主题词: 哲学--欧洲
电子资源:
ISBN:
000 00606nam0 2200217 45
001 0404230847
005 20070926150619.95
010    @dCNY0.75
091    @a2002.206
100    @a20040423d1953 km y0chiy0120 ea
101 0  @achi
102    @aCN@b110000
200 1  @a论一元论历史观之发展@ALun Yi Yuan Lun Li Shi Guan Zhi Fa Zhan@f(俄)普列涨诺夫薯@F(E)Pu Lie Zhang Nuo Fu Shu@g博古译
210    @a北京@c人民出版社@d1953
215    @a418页@d20cm
606 0  @a哲学@x欧洲
690    @aB512.5@v3
701  0 @a普列涨诺夫薯
702  0 @a博古@ABo Gu@4译
801    @aCN@bPftUser@c20070926
905    @dB512.5@e25
    
    论一元论历史观之发展/(俄)普列涨诺夫薯/博古译.-北京:人民出版社,1953
    418页;20cm
    
    
    ISBN :CNY0.75
    
●
相关链接 在E读中查询图书 在五车中查询图书 在当当中查询图书 在豆瓣中查询图书


正题名:论一元论历史观之发展     索取号:B512.5/25         预约/预借

序号 登录号 条形码 馆藏地/架位号 状态 备注
1 0609385   206093859   第一样本阅览室/ [索取号:B512.5/25] 在馆    
唐山师范学院图书馆 欢迎您!
大连网信软件有限公司© 版权所有